Statistics for Progressive Rock - Long Songs Quiz

Click here to take the quiz!

General Stats

  • This quiz has been taken 118 times
  • The average score is 10 of 42

Answer Stats

Year Minutes Song Title Artist % Correct
197223Supper's ReadyGenesis
81%
197422Gates of DeliriumYes
81%
197330Karn Evil 9Emerson, Lake and Palmer
78%
197123LizardKing Crimson
72%
197610Achilles' Last StandLed Zeppelin
64%
Foxtrot
49%
Brain Salad Surgery
45%
Lizard
43%
Relayer
40%
198413Rime of the Ancient MarinerIron Maiden
39%
200919The Count of TuscanyDream Theater
37%
Presence
31%
198817GrendelMarillion
30%
V
27%
Powerslave
23%
197616The Fall of the House of UsherAlan Parsons Project
18%
Black Clouds and Silver Linings
17%
197014For RichardCaravan
16%
200027The Great NothingSpock's Beard
15%
200527Miranda that Ghost just ain't holy anymoreMars Volta
15%
198225Taurus IIMike Oldfield
14%
196611Sad Eyed Lady of the LowlandsBob Dylan
14%
Tales of Mystery and Imagination
12%
Blonde on Blonde
11%
B'Sides Themselves
7%
Five Miles Out
7%
Frances the Mute
7%
If I could do it all over again, I'd do it all over you
7%
197811The Artilleryman and the Fighting MachineJeff Wayne
6%
197015Ballet for a Girl in BuchannonChicago
6%
Chicago II
6%
Ocean
6%
197716Atlantis Agony at June 5th 8948, 13pmEloy
6%
197419Wings of KarmaMahavishnu Orchestra
5%
198712Alchemy of the HeartTangerine Dream
5%
War of the Worlds
4%
The Window of Life
4%
199515SolomonArena
4%
199315The Last Man on EarthPendragon
4%
Songs from the Lion's Cage
3%
Apocalypse
3%
Tyger
2%

Score Distribution

Percentile by Number Answered

Percent of People with Each Score

Your Score History

You have not taken this quiz